Detalles MARC
| 000 -LÍDER |
| Campo fijo de descripción fija |
01549cam a2200313 i 4500 |
| 001 - NÚMERO DE CONTROL |
| Campo de control |
768714001 |
| 003 - IDENTIFICADOR DEL NÚMERO DE CONTROL |
| Campo de control |
CO-MdFUSB |
| 005 - FECHA Y HORA DE LA ULTIMA TRANSACCIÓN |
| control field |
20231122101122.0 |
| 007 - CAMPO FIJO DE DESCRIPCIÓN FIJA--INFORMACIÓN GENERAL |
| Campo fijo de descripción fija |
ta |
| 008 - ELEMENTOS DE LONGITUD FIJA -- INFORMACIÓN GENERAL |
| Campo fijo de descripción fija -- Información general |
170227t1968 enk||||f |||| 00| 0 eng d |
| 040 ## - FUENTE DE CATALOGACIÓN |
| Agencia de catalogación original |
CO-MdFUSB |
| Idioma de catalogación |
spa |
| Agencia que realiza la transcripción |
CO-MdFUSB |
| Agencia que realiza la modificación |
CO-MdFUSB |
| Convenciones de la descripción |
rda |
| 041 0# - CÓDIGO DE IDIOMA |
| Código de idioma para texto/pista de sonido o título separado |
eng |
| 082 04 - NÚMERO DE CLASIFICACIÓN DECIMAL DEWEY |
| Número de clasificación |
24 |
| Número de la edición del Dewey |
G 230.09 |
| Clave de autor-Numero de item |
N532n |
| 100 1# - ASIENTO PRINCIPAL--NOMBRE PERSONAL |
| Nombre personal |
Hordern, William E., (Editor general) |
| 245 00 - TÍTULO |
| Título del Material |
New directions in theology today |
| Mención de responsabilidad, etc. |
/ Editado por William Hordern |
| 264 #1 - PRODUCCIÓN, PUBLICACIÓN, DISTRIBUCIÓN, MANUFACTURA, Y COPYRIGHT |
| Lugar de producción, publicación, distribución, manufactura |
London, England: Lutterworth Press, |
| Nombre del productor, publicador, distribuidor |
The Lutterworth Press, |
| Fecha de producción, publicación, distribución, manufactura, o copyright |
[1968] |
| 264 #4 - PRODUCCIÓN, PUBLICACIÓN, DISTRIBUCIÓN, MANUFACTURA, Y COPYRIGHT |
| Fecha de producción, publicación, distribución, manufactura, o copyright |
©1968 |
| 300 ## - DESCRIPCIÓN FÍSICA |
| Extensión |
2 volúmenes |
| Otros detalles físicos |
21 cm. |
| Dimensiones |
; |
| 336 ## - TIPO DE CONTENIDO |
| Fuente |
rdacontent |
| Término de tipo de contenido |
texto |
| Código de tipo de contenido |
txt |
| 337 ## - TIPO DE MEDIO |
| Fuente |
rdamedia |
| Nombre del tipo de medio |
sin mediación |
| Código del tipo de medio |
n |
| 338 ## - TIPO DE SOPORTE |
| Fuente |
rdacarrier |
| Nombre del tipo de soporte |
volumen |
| Código Tipo de soporte |
nc |
| 501 ## - NOTA DE “CON” |
| Nota de Contenido |
Incluye indices (p. 199- 205) |
| 505 00 - NOTA DE CONTENIDO |
| Nota de contenido con formato preestablecido |
Volumen 1: Introducción (William Hordern) : Teología en tránsito - El debate desmitologización - Historia y kerygma - El nuevo rostro del conservatismo - La santificación redescubierta - Más allá de la religión cristiana mundanal- Teología en diálogo. |
| 505 00 - NOTA DE CONTENIDO |
| Nota de contenido con formato preestablecido |
Volumen 2: Historia y hermeneútica (Carl E. Braaten) : La idea de revelación a través de la historia - Teología y el método histórico-crítico - Nuestro conocimiento del Jesús histórico - El hecho histórico de la resurrección - "Heilsgeschichte" y el Antiguo Testamento - Hermenéutica de la palabra y de la iglesia - Escatología y historia. |
| 650 #0 - ASIENTO SECUNDARIO DE MATERIA - TERMINO TEMÁTICO |
| Término temático o nombre geográfico como elemento de entrada |
Teología doctrinal |
| Subdivisión general |
Historia |
| Subdivisión cronológica |
Siglo XX |
| 9 (RLIN) |
159 |
| 942 ## - TIPO DE MATERIAL (KOHA) |
| Tipo de Item KOHA |
Libros General |
| 945 ## - INFORMACIÓN LOCAL DEL REGISTRO |
| Catalogador |
Johan1477 |